Teatro /

Guardado en:
Autor Principal: Shakespeare, William
Formato: Libro
Publicado: España : Aguilar, 1961
Materias:
Etiquetas: Agregar Etiqueta
Sin Etiquetas, Sea el primero en etiquetar este registro!
LEADER 00514nam a22001935a 4500
001 CEM.cems005960
005 20060214000000.0
008 130507s1961##################000#0#####d
003 CEMS
082 0 4 |a 822.3 
100 1 |a Shakespeare, William 
245 1 0 |a Teatro / 
260 |a España :  |b Aguilar,  |c 1961 
300 |a 86 p. 
505 0 |a Sue¤o de una noche de verano.- Macbeth.- 
653 |a Literatura 
653 |a Teatro 
653 |a Teatro ingles 
859 |a CEMS  |b BIB. CEMS - 11 de abril  |h 822.3  |i Sh14-3  |p 9073.81  |t Ej.1